Opakowania aktywne i inteligentne w przemyśle mleczarskim

Enregistré dans:
Détails bibliographiques
Auteur principal: Kosiorowska, Małgorzata, 1978-
Autres auteurs: Lesiów, Tomasz
Format: Chapitre de livre
Langue:polonais
Tags: Ajouter un tag
Pas de tags, Soyez le premier à ajouter un tag!

MARC

LEADER 00000naa a2200000 4500
001 0173591
005 20240502083414.5
041 0 |a pol 
044 |a PL 
245 1 0 |a Opakowania aktywne i inteligentne w przemyśle mleczarskim  |c Małgorzata Kosiorowska, Tomasz Lesiów 
100 1 |a Kosiorowska, Małgorzata, 1978- 
700 1 |a Lesiów, Tomasz